<?xml version="1.0" encoding="UTF-8"?>
<collection xmlns="http://www.loc.gov/MARC21/slim">
 <record>
  <leader>02374nam a2200229Ia 4500</leader>
  <controlfield tag="001">CTU_233166</controlfield>
  <controlfield tag="008">210402s9999    xx            000 0 und d</controlfield>
  <datafield tag="082" ind1=" " ind2=" ">
   <subfield code="a">620.193</subfield>
  </datafield>
  <datafield tag="082" ind1=" " ind2=" ">
   <subfield code="b">Tr121</subfield>
  </datafield>
  <datafield tag="088" ind1=" " ind2=" ">
   <subfield code="a">8440103</subfield>
  </datafield>
  <datafield tag="100" ind1=" " ind2=" ">
   <subfield code="a">Huỳnh, Thị Huyền Trân</subfield>
  </datafield>
  <datafield tag="245" ind1=" " ind2="0">
   <subfield code="a">Ảnh hưởng đồng thời của điện trường vuông góc và song song lên cấu trúc vùng năng lượng của zigzag graphene hai lớp nanoribbons :</subfield>
  </datafield>
  <datafield tag="245" ind1=" " ind2="0">
   <subfield code="b">Luận văn tốt nghiệp thạc sĩ Vật lý ngành. Vật lý lý thuyết và Vật lý Toán</subfield>
  </datafield>
  <datafield tag="245" ind1=" " ind2="0">
   <subfield code="c">Huỳnh Thị Huyền Trân ; Vũ Thanh Trà (Cán bộ hướng dẫn)</subfield>
  </datafield>
  <datafield tag="260" ind1=" " ind2=" ">
   <subfield code="a">Cần Thơ</subfield>
  </datafield>
  <datafield tag="260" ind1=" " ind2=" ">
   <subfield code="b">Trường Đại học Cần Thơ</subfield>
  </datafield>
  <datafield tag="260" ind1=" " ind2=" ">
   <subfield code="c">2019</subfield>
  </datafield>
  <datafield tag="520" ind1=" " ind2=" ">
   <subfield code="a">Ngày nay, công nghệ điện tử ngày càng phát triển mạnh mẽ, sự phát triển này mang đến những lợi ích to lớn như: tăng tốc độ xử lý số liệu, khả năng kết nối giữa người với người, kết nối giữa người với máy móc... điều này đã góp phần quan trọng trong việc nâng cao chất lượng cuộc sống. Để đáp ứng nhu cầu phát triển của lĩnh vực công nghệ điện tử đòi hỏi các nhà khoa học không ngừng tìm kiếm, khám phá ra những loại vật liệu mới ưu việt hơn để thay thế cho những vật liệu trước đó. Những vật liệu này giúp giảm kích thước linh kiện tạo sự gọn nhẹ cho sản phầm nhưng lại phải tăng số lượng chip trên một đơn vị diện tích để tăng tốc độ xử lý. Silicon là loại vật liệu quen thuộc được dùng rộng rãi trong công nghệ điện tử, tuy nhiên công cuộc khai thác ứng dụng của silicon đang dần tới giới hạn vật lý của nó, không thể thu nhỏ hơn được nữa.</subfield>
  </datafield>
  <datafield tag="650" ind1=" " ind2=" ">
   <subfield code="a">Carbon composites,Vật liệu tổng hợp carbon</subfield>
  </datafield>
  <datafield tag="910" ind1=" " ind2=" ">
   <subfield code="b">tvtrong</subfield>
  </datafield>
  <datafield tag="910" ind1=" " ind2=" ">
   <subfield code="c">tvtrong,tvtrong</subfield>
  </datafield>
  <datafield tag="980" ind1=" " ind2=" ">
   <subfield code="a">Trung tâm Học liệu Trường Đại học Cần Thơ</subfield>
  </datafield>
 </record>
</collection>
